00929nam a2200265 a 4500001000400000003001000004005001700014008004100031040002500072080001900097090002000116100002600136245015400162250001100316260003100327300002700358504002500385650002800410650001800438650002700456700003100483942001200514952012400526999001300650534BR-CuiBMT20231129142654.0231108s2014 dfba 000 0 por d aBR-CuiBMTcBR-CuiBMT 22007a35.077.3 a35.077.3bA474p1 aAlves, Léo da Silva10aProcesso administrativo disciplinar :bplanejamento da instrução e resolução de incidentes /cLéo da Silva Alves, Cristiane Laura de Souza. a1. ed. aBrasília :bRede,c2014. a131 p. :bil. ;c21 cm aInclui bibliografia. aProcesso administrativo aSindicância aDireito administrativo1 aSouza, Cristiane Laura de  2udccLV 00102udc4070aBIBTCEMTbBIBTCEMTd2023-11-08l0o35.077.3 A474ppBIBTCEMT23110308r2023-11-08tEx. 1w2023-11-08yLV c534d534